Лаосский язык (Запись № 13547117)

Подробности
000 -МАРКЕР
контрольное поле 02505nam0a2200361 4500
001 - ИДЕНТИФИКАТОР ЗАПИСИ
контрольное поле RU\NLR\BIBL_A\022634070
005 - ИДЕНТИФИКАТОР ВЕРСИИ
контрольное поле 20260205102541.0
010 ## - МЕЖДУНАРОДНЫЙ СТАНДАРТНЫЙ НОМЕР КНИГИ (ISBN)
Номер (ISBN) 978-5-9228-2737-9
021 ## - НОМЕР ГОСУДАРСТВЕННОЙ РЕГИСТРАЦИИ
Код страны Российская Федерация
Номер КН-П-25-047656
Номер Листа государственной регистраци КН-П-25-4623
035 ## - ДРУГИЕ СИСТЕМНЫЕ НОМЕРА
Идентификатор записи (NLR Aleph) 022634070
100 ## - ДАННЫЕ ОБЩЕЙ ОБРАБОТКИ
Данные общей обработки 20251001d2023 u y0rusy50 ca
101 0# - ЯЗЫК РЕСУРСА
Язык текста, звукозаписи и т.д. русский
-- лаосский
102 ## - СТРАНА ПУБЛИКАЦИИ ИЛИ ПРОИЗВОДСТВА
Страна публикации Российская Федерация
105 ## - ПОЛЕ КОДИРОВАННЫХ ДАННЫХ: ТЕКСТОВЫЕ МАТЕРИАЛЫ, МОНОГРАФИЧЕСКИЕ
Кодированные данные о монографическом текстовом документе y j 000yy
181 #0 - ПОЛЕ КОДИРОВАННЫХ ДАННЫХ: ВИД СОДЕРЖАНИЯ
Код вида содержания (ISBD) i
Код характеристики содержания (ISBD) axxe
182 #0 - ПОЛЕ КОДИРОВАННЫХ ДАННЫХ: ТИП СРЕДСТВА
Код типа средства (ISBD) n - непосредственное
200 1# - ЗАГЛАВИЕ И СВЕДЕНИЯ ОБ ОТВЕТСТВЕННОСТИ
Основное заглавие Лаосский язык
Сведения, относящиеся к заглавию общественно-политический перевод по материалам СМИ Лаоса
-- учебное пособие
-- для студентов факультета международных отношений МГИМО МИД России, обучающихся по направлению "Зарубежное регионоведение"
Первые сведения об ответственности С. И. Лизогуб
Последующие сведения об ответственности под редакцией кандидата исторических наук Л. В. Ларионовой
-- Федеральное государственное автономное образовательное учреждение высшего образования "Московский государственный институт международных отношений (университет) Министерства иностранных дел Российской Федерации", Кафедра китайского, вьетнамского, тайского и лаосского языков
203 ## - ВИД СОДЕРЖАНИЯ И ТИП СРЕДСТВА
Вид содержания Текст
Дополнительные сведения об издании визуальный
Тип средства непосредственный
210 ## - ПУБЛИКАЦИЯ, РАСПРОСТРАНЕНИЕ И ДР.
Место издания, распространения и т.д. Москва
Имя издателя, распространителя и т. д. МГИМО-Университет
Дата издания, распространения и т.д. 2023
215 ## - ФИЗИЧЕСКАЯ ХАРАКТЕРИСТИКА
Специфическое обозначение материала и объем 167, [1] с.
Размеры 29
300 ## - ОБЩИЕ ПРИМЕЧАНИЯ
Текст примечания Данные тит. c. также лаос.
300 ## - ОБЩИЕ ПРИМЕЧАНИЯ
Текст примечания Текст рус., лаос.
606 1# - НАИМЕНОВАНИЕ ТЕМЫ КАК ПРЕДМЕТ
Наименование темы Лаосский язык
Формальный подзаголовок Учебные издания для высших учебных заведений
Тематический подзаголовок Перевод
-- Русский язык
Системный номер авторитетной/нормативной записи 2684463
Идентификатор авторитетной/нормативной записи RU\NLR\AUTH\6601762093
606 1# - НАИМЕНОВАНИЕ ТЕМЫ КАК ПРЕДМЕТ
Наименование темы Русский язык
Формальный подзаголовок Учебные издания для высших учебных заведений
Тематический подзаголовок Перевод
-- Лаосский язык
Системный номер авторитетной/нормативной записи 2684464
Идентификатор авторитетной/нормативной записи RU\NLR\AUTH\6601762094
686 1# - ИНДЕКСЫ ДРУГИХ КЛАССИФИКАЦИЙ
Индекс Ш173.12-93рус3-77
686 1# - ИНДЕКСЫ ДРУГИХ КЛАССИФИКАЦИЙ
Индекс Ш141.12-77я7
700 #1 - ИМЯ ЛИЦА - ПЕРВИЧНАЯ ОТВЕТСТВЕННОСТЬ
Начальный элемент ввода Лизогуб
Часть имени, кроме начального элемента ввода С. И.
Расширение инициалов личного имени Сергей Иванович
942 ## - ДОПОЛНИТЕЛЬНЫЕ ЭЛЕМЕНТЫ ЗАПИСИ (АБИС)
Тип экземпляра АБИС Книга
980 ## - КОЛЛЕКЦИЯ
Название коллекции Национальная библиография

Нет доступных экземпляров.